ბათუმის შოთა რუსთაველის სახელმწიფო უნივერსიტეტის ბიბლიოთეკა

სტრაბონი კოლხეთის შესახებ (გამოკვლევა რუკებით) (ბიბ.ჩანაწერი № 43396)

000 -LEADER
fixed length control field 01059nam a2200241Ia 4500
001 - CONTROL NUMBER
control field 10124
003 - CONTROL NUMBER IDENTIFIER
control field GE_BSU
008 - FIXED-LENGTH DATA ELEMENTS--GENERAL INFORMATION
fixed length control field 181216s||||||||xx |||||||||||||| ||und||
020 ## - INTERNATIONAL STANDARD BOOK NUMBER
International Standard Book Number 9789941200014
040 ## - CATALOGING SOURCE
Transcribing agency GE_BSU
080 ## - UNIVERSAL DECIMAL CLASSIFICATION NUMBER
Universal Decimal Classification number 94(395.3)(09)
100 ## - MAIN ENTRY--PERSONAL NAME
Personal name ჯაფარიძე,ანანია მიტროპოლიტი
245 ## - TITLE STATEMENT
Title სტრაბონი კოლხეთის შესახებ (გამოკვლევა რუკებით)
245 ## - TITLE STATEMENT
Remainder of title საქ.საპატრიარქოს რეალური ისტორიის დამდგენი მუდმივმოქმედი კომისია
245 ## - TITLE STATEMENT
Statement of responsibility, etc. სამეც.რედ.ი.გორგიძე.
260 ## - PUBLICATION, DISTRIBUTION, ETC.
Place of publication, distribution, etc. თბილისი
260 ## - PUBLICATION, DISTRIBUTION, ETC.
Name of publisher, distributor, etc. ტექნიკური უნ–ტი
260 ## - PUBLICATION, DISTRIBUTION, ETC.
Date of publication, distribution, etc. 2011
300 ## - PHYSICAL DESCRIPTION
Extent 52გვ.რუკ.28სმ.
300 ## - PHYSICAL DESCRIPTION
Accompanying material საძიებელი გვ.43-48
653 ## - INDEX TERM--UNCONTROLLED
Uncontrolled term სტრაბონი კოლხეთის შესახებ
942 ## - ADDED ENTRY ELEMENTS (KOHA)
Koha item type წიგნი
ეგზემპლარები
Withdrawn status Lost status Damaged status Not for loan Date acquired Barcode Date last seen Price effective from Koha item type
        2018-12-17 18720 2018-12-17 2018-12-17 წიგნი